000
00265nam a22001097a 4500
008
140425t xxu||||| |||| 00| 0 eng d
020
_a
0-07-138901-6
100
_a
Robert K.Murray
_9
828
245
_a
Harper's Illustrated Biochemistry
300
_a
693
942
_2
ddc
_c
BK
999
_c
17075
_d
17075